01003nam a2200241 a 45000010005000000030010000050050017000150080041000320200018000730400025000910800020001161100104001362450157002402600071003973000027004685000088004955040025005836500019006086500027006276500014006546500036006687100057007041580BR-CuiBMT20231215234736.0231117s2007 dfba 000 0 por d a9780662468608 aBR-CuiBMTcBR-CuiBMT a657.6:504220071 aInternational Organization of Supreme Audit Institutions.bWorking Group on Environmental Auditing.10aAuditorias em biodiversidade :borientações para as entidades de fiscalização superiores /cGrupo de trabalho de auditoria ambiental da INTOSAI. a[S.l.] :bINTOSAI, Working Group on Environmental Auditing,c2007. a115 p. :bil. ;c30 cm aTraduzido para português pelo Tribunal de Contas da União, em dezembro de 2008. ainclui bibliografia. aBiodiversidade aProteção ambiental aAuditoria aMeio ambientexFiscalização1 aGrupo de Trabalho sobre Auditoria Ambientalecoautor